Video Game Characters By Picture - P - Statistics

General Stats
  • This quiz has been taken 119 times
    107 since last reset
  • The average score is 13 of 20
Answer Stats
Picture Answer % Correct
Pac-Man
99%
Pikachu
98%
Princess {Peach}
98%
Pinky
83%
Piranha Plant
81%
Peashooter
76%
The {Puppet}
72%
Pyramid Head
70%
Pyro
68%
Papyrus
67%
Pauline
66%
Phoenix Wright
64%
Pit
64%
Papa Louie
63%
PaRappa Rappa
61%
Captain {Price}
47%
The {Prince}
27%
Psycho Mantis
24%
Puyo
17%
The {Postal Dude}
13%
No matching quizzes found
Score Distribution
Percent of People with Each Score
Percentile by Number Answered
Your Score History
You have not taken this quiz since the last reset